000 00643nam a2200193Ii 4500
003 JO-AjNU
008 230605s9999||||xx |||||||||||||| ||und||
040 _aJO-AjNU
_bara
_erda
_cJO-AjNU
041 _aara
050 1 4 _aQH345.Q67 1981
100 3 _aالقطب ، نصوح، م مشارك عبد الوهاب مامون مامون,
_eauthor
_948942
245 0 0 _aالكيمياء الحيوية
264 3 1 _aدمشق:مطبعة طربين ، 1987
300 _a422ص
336 _atext
_btxt
_2rdacontent
337 _aunmediated
_bn
_2rdamedia
338 _avolume
_bnc
_2rdacarrier
650 4 _aالكيمياء الحيوية
_948943
999 _aA21466
_c25034
_d25034